000
003090000a22001450004500
001
005416
003
MACL
040
_a
MACL
090
_c
17409
_d
17408
245
_a
Aain Qaisri
_b
Zaka Ullah Mohd
260
_a
Shamsul Matabe Delhi,
_c
1904
350
_a
2.00
650
_a
Urdu Literature
942
_k
891
_c
Book
999
_c
17298
_d
17298